000 00698nam a2200217 i 4500
001 155539
003 ES-MaACL
005 20260616130211.0
008 990914s1856 fr |||| | lat d
040 _aAN
_bspa
_cAN
100 0 _aHomero
_964112
245 1 0 _aHomeri carmina et cycli epici reliquiae
_b: graece et latine cum indice nominum et rerum.
250 _aEditio iteratis curis correcta.
260 _aParisiis :
_beditore Ambrosio Firmin Didot,
_c1856.
300 _a637 p. ;
_c25 cm.
594 _aPrecede al tít., tít. paralelo en griego.
594 _aTexto paralelo latín-griego.
852 _aES-MaACL
_jB-2458
_z-- Enc. hol.
999 _c155539
_d155539